000 00679nam a22002417a 4500
005 20170124110005.0
010 _aA-838038
020 _c100.00
_a8170125596
035 _aA-838038
037 _bCen Lib/Ret
040 _aDPL
_bEN
082 _a342.06
_bMAS
100 _aMassey, I.P.
_916629
245 _aAdministrative law /
_cby I.P.Massey
250 _a4th ed
260 _aLucknow
_bEastern Book Company
_c1995
270 _bLucknow
_e226 001
_a34, Lalbagh
300 _alxxx,480p. :
_c22cm(Hb)
500 _aIncludes index
650 _a Administrative law -- India.
_916630
650 _aLaw in India.
_916631
942 _2ddc
_cEN
_h342.06
_mMAS
999 _c126118
_d126118